[Event "119th NZL-ch op"]
[Site "Queenstown NZL"]
[Date "2012.01.16"]
[Round "2"]
[White "Bojkov, Dejan"]
[Black "Smochina, Carolina"]
[Result "1-0"]
[WhiteElo "2553"]
[BlackElo "2167"]
[EventDate "2012.01.15"]
[PlyCount "107"]

1.e4 c5 2.Nf3 Nc6 3.Bb5 g6 4.Bxc6 dxc6 5.h3 e5 6.d3 f6 7.Be3 Nh6 8.Qd2 Nf7
9.Qc3 Qe7 10.a4 Nd8 11.a5 Ne6 12.a6 b6 13.b4 Bd7 14.bxc5 Nxc5 15.O-O Ne6 
16.Qd2 Bg7 17.c3 c5 18.d4 cxd4 19.cxd4 exd4 20.Nxd4 O-O 21.Nc3 Nxd4 22.
Bxd4 Rad8 23.Rfe1 Be6 24.Qe3 Bc4 25.f4 Rfe8 26.Qf2 Qf7 27.f5 gxf5 28.exf5 
Rxe1+ 29.Rxe1 Bxa6 30.Re4 Kh8 31.Qe3 Bf8 32.Kh1 Bc8 33.Qf4 Bg7 34.Ne2 Bb7 
35.Re6 Bd5 36.Rd6 Qe7 37.Rxd8+ Qxd8 38.Qe3 Qd7 39.Ng3 Bf7 40.Qc3 Qe7 41.
Qc8+ Qe8 42.Qc7 h5 43.Qxa7 Qe1+ 44.Bg1 Qxg3 45.Qxf7 Qg5 46.Qe6 Bh6 47.Bxb6
Qc1+ 48.Bg1 Qg5 49.Qc8+ Kh7 50.Bd4 Qh4 51.Qd7+ Bg7 52.Qd5 Qf4 53.Bg1 Qc1 
54.Qf3 1-0

[Event "119th NZL-ch op"]
[Site "Queenstown NZL"]
[Date "2012.01.16"]
[Round "2"]
[White "Brockman, Roland"]
[Black "Davies, Geoff"]
[Result "1/2-1/2"]
[WhiteElo "1703"]
[BlackElo "1943"]
[EventDate "2012.01.15"]
[PlyCount "117"]

1.d4 d5 2.Nf3 Nf6 3.e3 e6 4.Bd3 Bd6 5.c3 Nbd7 6.Nbd2 O-O 7.O-O c5 8.e4 
dxe4 9.Nxe4 Nxe4 10.Bxe4 Nf6 11.Bc2 cxd4 12.cxd4 b6 13.Bg5 Bb7 14.Qd3 g6 
15.Rfe1 Be7 16.Ne5 Nd5 17.Bxe7 Qxe7 18.Qg3 Kg7 19.Rac1 Rac8 20.Bb3 Rc7 21.
Rxc7 Qxc7 22.h4 f6 23.Nf3 Qxg3 24.fxg3 Kf7 25.Rc1 Re8 26.Ba4 Re7 27.Kf2 
Rc7 28.Rxc7+ Nxc7 29.g4 Bd5 30.a3 Ne8 31.g5 Nd6 32.gxf6 Kxf6 33.Ne5 Kf5 
34.Bc2+ Be4 35.Bd1 Kf6 36.g3 Nf5 37.Ng4+ Ke7 38.Ba4 Bd5 39.Ne5 Nxd4 40.Ke3
Nf5+ 41.Kf4 Kd6 42.Bd1 Kc5 43.h5 gxh5 44.Bxh5 Nd6 45.Bd1 Kd4 46.Ng4 Be4 
47.Bb3 Bf5 48.Ne5 a5 49.g4 Be4 50.Bxe6 Bc2 51.Bf5 Nxf5 52.gxf5 Kd5 53.f6 
Ke6 54.f7 Ke7 55.f8=Q+ Kxf8 56.Nd7+ Ke7 57.Nxb6 a4 58.Kg5 Kd6 59.Kh6 
1/2-1/2

[Event "119th NZL-ch op"]
[Site "Queenstown NZL"]
[Date "2012.01.16"]
[Round "2"]
[White "Brown, Kevin"]
[Black "Aldridge, Alan"]
[Result "1-0"]
[WhiteElo "1728"]
[BlackElo "1945"]
[EventDate "2012.01.15"]
[PlyCount "131"]

1.e4 e5 2.Nf3 Nc6 3.Bb5 a6 4.Bxc6 dxc6 5.d4 exd4 6.Qxd4 Bg4 7.Nbd2 Qxd4 8.
Nxd4 O-O-O 9.N4b3 h5 10.O-O g5 11.Re1 Be6 12.Nf3 f6 13.Be3 Bxb3 14.axb3 
Nh6 15.Bd4 Be7 16.Bc3 Rhe8 17.Rad1 Rxd1 18.Rxd1 Nf7 19.Kf1 c5 20.Nd2 b5 
21.Ba5 Bd6 22.h3 Bf4 23.f3 Rd8 24.Ke2 Ne5 25.Bc3 Nd7 26.Nf1 b4 27.Bd2 Be5 
28.c3 a5 29.Ne3 c6 30.Nc4 Bc7 31.Be3 Kb7 32.Nd6+ Bxd6 33.Rxd6 Kc7 34.Re6 
Rf8 35.f4 g4 36.hxg4 hxg4 37.c4 Rh8 38.Re7 Rg8 39.Bxc5 Kd8 40.Bd6 Rg6 41.
Rh7 Rg8 42.c5 Re8 43.Kd3 Rg8 44.g3 Kc8 45.Rh6 Rg7 46.f5 Kb7 47.Kd4 Ka6 48.
Kc4 Kb7 49.Bf4 Re7 50.Kd4 Ka6 51.Bd6 Re8 52.Rh7 Ne5 53.Bxe5 fxe5+ 54.Ke3 
Kb5 55.Rg7 a4 56.Rb7+ Kxc5 57.bxa4 Kc4 58.f6 Rh8 59.f7 Kb3 60.a5 Kxb2 61.
Rxb4+ Kc3 62.Rb7 Rd8 63.Rc7 Rd3+ 64.Ke2 Rf3 65.a6 Kd4 66.a7 1-0

[Event "119th NZL-ch op"]
[Site "Queenstown NZL"]
[Date "2012.01.16"]
[Round "2"]
[White "Cheng, Bobby"]
[Black "Chen, Pengyu"]
[Result "0-1"]
[WhiteElo "2375"]
[BlackElo "2056"]
[EventDate "2012.01.15"]
[PlyCount "90"]

1.d4 Nf6 2.c4 e6 3.Nf3 c5 4.d5 d6 5.Nc3 exd5 6.cxd5 g6 7.h3 Bg7 8.e4 O-O 
9.Bd3 Nbd7 10.O-O Nh5 11.Re1 Ne5 12.Be2 Nxf3+ 13.Bxf3 Qh4 14.Bxh5 gxh5 15.
Qd2 Be5 16.Qg5+ Qxg5 17.Bxg5 Bd7 18.f4 Bd4+ 19.Kh2 f6 20.Bh4 Rae8 21.f5 b5
22.Bg3 b4 23.Nd1 Rf7 24.Rc1 Rfe7 25.Bxd6 Rxe4 26.Rxe4 Rxe4 27.Bxc5 Be5+ 
28.Kg1 Bf4 29.Nf2 Re2 30.Rd1 a5 31.Nd3 Bg3 32.d6 Kf7 33.Kf1 Rc2 34.Bf2 
Bxd6 35.Nxb4 Bb5+ 36.Nd3 Rxb2 37.Ke1 Rxa2 38.Bc5 Bxc5 39.Nxc5 Re2+ 40.Kf1 
Rd2+ 41.Ke1 Re2+ 42.Kf1 Re5+ 43.Nd3 Re3 44.Kf2 Rxd3 45.Rc1 a4 0-1

[Event "119th NZL-ch op"]
[Site "Queenstown NZL"]
[Date "2012.01.16"]
[Round "2"]
[White "Dive, Russell John"]
[Black "Beckman, John"]
[Result "1-0"]
[WhiteElo "2345"]
[BlackElo "1719"]
[EventDate "2012.01.15"]
[PlyCount "69"]

1.c4 e5 2.g3 Nf6 3.Bg2 Nc6 4.Nc3 Bc5 5.a3 a6 6.e3 d6 7.Nge2 Bg4 8.h3 Be6 
9.d4 Bxc4 10.dxc5 dxc5 11.Qa4 Bd5 12.Nxd5 Nxd5 13.Qc4 Nde7 14.Qxc5 Qd3 15.
Qc3 Rd8 16.Qxd3 Rxd3 17.Bd2 O-O 18.O-O-O Rfd8 19.Bc3 b5 20.Rxd3 Rxd3 21.
Rd1 Rxd1+ 22.Kxd1 f5 23.e4 g6 24.f4 exf4 25.Nxf4 Nd8 26.Ba5 g5 27.Nd5 Nxd5
28.exd5 Nb7 29.Bxc7 Kf7 30.d6 Nc5 31.Bd5+ Ke8 32.b4 Nd7 33.Bc6 h5 34.Ke2 
h4 35.gxh4 1-0

[Event "119th NZL-ch op"]
[Site "Queenstown NZL"]
[Date "2012.01.16"]
[Round "2"]
[White "Dordevic, Ivan"]
[Black "Ker, Anthony"]
[Result "1-0"]
[WhiteElo "2060"]
[BlackElo "2359"]
[EventDate "2012.01.15"]
[PlyCount "87"]

1.e4 d6 2.d4 Nf6 3.Nc3 g6 4.f4 Bg7 5.Nf3 c5 6.Bb5+ Bd7 7.e5 Ng4 8.Bxd7+ 
Qxd7 9.d5 dxe5 10.h3 e4 11.hxg4 exf3 12.Qxf3 Na6 13.Bd2 Nb4 14.O-O-O O-O-O
15.Ne4 Qa4 16.Bxb4 Qxb4 17.c3 Qc4 18.Ng5 Rd7 19.f5 gxf5 20.gxf5 h6 21.Nxf7
Rh7 22.Ng5 Rh8 23.Ne6 Bf6 24.Kb1 Rd6 25.Qe3 Rxd5 26.Rxd5 Qxd5 27.Qxc5+ 
Qxc5 28.Nxc5 h5 29.Ne4 Be5 30.g3 Kd7 31.Kc2 Rh7 32.g4 h4 33.Rh3 b6 34.Kd3 
Rh8 35.Ke3 e6 36.f6 Ke8 37.Kf3 Kf7 38.g5 Kg6 39.Kg4 Rd8 40.Rxh4 Rd1 41.
Rh6+ Kf7 42.Rh7+ Kg8 43.Rxa7 Re1 44.Kh5 1-0

[Event "119th NZL-ch op"]
[Site "Queenstown NZL"]
[Date "2012.01.16"]
[Round "2"]
[White "Flitney, Adrian"]
[Black "Pieri, Enzo"]
[Result "1-0"]
[WhiteElo "1959"]
[BlackElo "1771"]
[EventDate "2012.01.15"]
[PlyCount "61"]

1.e4 c6 2.d4 d5 3.e5 Bf5 4.Nc3 e6 5.g4 Bg6 6.Nge2 f5 7.Nf4 Qc7 8.Bd3 Qd7 
9.gxf5 Bxf5 10.Bxf5 exf5 11.e6 Qe7 12.Qh5+ Kd8 13.Qxf5 Nf6 14.Bd2 g6 15.
Qh3 Bg7 16.O-O-O Na6 17.Rde1 Kc7 18.Qg3 Kc8 19.Rhg1 Nc7 20.h4 Bh6 21.Qh3 
Nce8 22.Kd1 Bxf4 23.Bxf4 Ng7 24.Bg5 Nf5 25.h5 Kc7 26.Bf4+ Kb6 27.Na4+ Kb5 
28.Qd3+ Kxa4 29.Qb3+ Ka5 30.Bd2+ Ka6 31.Qa4+ 1-0

[Event "119th NZL-ch op"]
[Site "Queenstown NZL"]
[Date "2012.01.16"]
[Round "2"]
[White "Fuatai, Fuatai"]
[Black "Kharisma Sukandar, Irine"]
[Result "0-1"]
[WhiteElo "2031"]
[BlackElo "2325"]
[EventDate "2012.01.15"]
[PlyCount "74"]

1.e4 c5 2.Nf3 e6 3.d4 cxd4 4.Nxd4 Nc6 5.Nb5 d6 6.Bf4 e5 7.Be3 Nf6 8.Bg5 a6
9.Bxf6 gxf6 10.N5c3 Be6 11.Nd5 Bg7 12.Nbc3 O-O 13.Bd3 f5 14.f3 f4 15.O-O 
Kh8 16.g4 fxg3 17.hxg3 Rg8 18.Qd2 Bf8 19.Kf2 Rg6 20.Rh1 b5 21.a3 Ra7 22.
Rh5 Nd4 23.Rah1 f6 24.g4 Nxf3 25.Kxf3 Bxg4+ 26.Kf2 Bxh5 27.Rxh5 Rag7 28.
Bf1 Rg5 29.Rh1 f5 30.Ke1 f4 31.Nxf4 exf4 32.Qxf4 Rg4 33.Qf5 R7g6 34.Nd5 
Rh4 35.Bh3 Rg5 36.Qf3 Bg7 37.c3 Qe8 0-1

[Event "119th NZL-ch op"]
[Site "Queenstown NZL"]
[Date "2012.01.16"]
[Round "2"]
[White "Ganguly, Surya Shekhar"]
[Black "Brown, Andrew"]
[Result "1/2-1/2"]
[WhiteElo "2639"]
[BlackElo "2215"]
[EventDate "2012.01.15"]
[PlyCount "122"]

1.d4 Nf6 2.c4 g6 3.Nc3 Bg7 4.e4 d6 5.f3 O-O 6.Nge2 c5 7.Be3 Nc6 8.d5 Ne5 
9.Ng3 e6 10.Be2 exd5 11.cxd5 a6 12.a4 Bd7 13.O-O b5 14.axb5 axb5 15.Bxb5 
Bxb5 16.Nxb5 Rxa1 17.Qxa1 Nc4 18.Bc1 Qb6 19.Qa4 Ne5 20.Be3 Rb8 21.Nc3 h5 
22.b4 Qxb4 23.Rb1 Qxa4 24.Rxb8+ Qe8 25.Rxe8+ Nxe8 26.Nb5 Kf8 27.Bg5 Nc4 
28.Nf1 Bb2 29.Kf2 Na3 30.Nxa3 Bxa3 31.Bd8 Bb2 32.Nd2 Bf6 33.Ba5 Ke7 34.Nc4
Kd7 35.f4 Bd4+ 36.Kg3 f6 37.Kh4 Bg1 38.h3 Bf2+ 39.g3 Bd4 40.Be1 Ng7 41.g4 
Ke7 42.gxh5 gxh5 43.Bg3 Bc3 44.f5 Be5 45.Bxe5 dxe5 46.Kg3 Ne8 47.Kf2 Nd6 
48.Nxd6 Kxd6 49.Ke2 c4 50.Kd2 Kc5 51.Kc3 h4 52.Kb2 Kb5 53.Ka3 Ka5 54.d6 
Kb6 55.Kb4 Kc6 56.Kxc4 Kxd6 57.Kb5 Kd7 58.Kb6 Kd6 59.Kb5 Kd7 60.Kb6 Kd6 
61.Kb5 Kd7 1/2-1/2

[Event "119th NZL-ch op"]
[Site "Queenstown NZL"]
[Date "2012.01.16"]
[Round "2"]
[White "Gao, Hans"]
[Black "Andersson, Christin"]
[Result "0-1"]
[WhiteElo "1924"]
[BlackElo "2123"]
[EventDate "2012.01.15"]
[PlyCount "80"]

1.e4 e5 2.Nf3 Nc6 3.Bc4 Bc5 4.c3 Nf6 5.d3 h6 6.Bb3 O-O 7.Nbd2 d5 8.Qe2 Bg4
9.h3 Bh5 10.Nf1 dxe4 11.dxe4 Qe7 12.g4 Bg6 13.Ng3 Rad8 14.Bd2 Qd7 15.Bc2 
Bd6 16.Nh4 Ne7 17.O-O-O b5 18.Nhf5 a5 19.g5 hxg5 20.Bxg5 Bxf5 21.Bxf6 Bg6 
22.Bxe5 b4 23.h4 Qe6 24.Bxd6 cxd6 25.h5 Bh7 26.Bb3 Qc8 27.c4 d5 28.h6 dxc4
29.Qxc4 a4 30.hxg7 Rxd1+ 31.Rxd1 Kxg7 32.Kb1 axb3 33.Qxb3 Qg4 34.f4 Kh8 
35.Rh1 Qxf4 36.Qxb4 Ng6 37.Nh5 Qe5 38.b3 Rd8 39.Qc4 Nf8 40.Rh4 Rd2 0-1

[Event "119th NZL-ch op"]
[Site "Queenstown NZL"]
[Date "2012.01.16"]
[Round "2"]
[White "Garbett, Paul Anthony"]
[Black "Armstrong, Malcolm"]
[Result "1-0"]
[WhiteElo "2290"]
[BlackElo "2016"]
[EventDate "2012.01.15"]
[PlyCount "89"]

1.e4 c6 2.d4 d5 3.e5 c5 4.dxc5 Nc6 5.Bb5 e6 6.Be3 Ne7 7.c3 Bd7 8.Bxc6 Nxc6
9.Nf3 Qc7 10.O-O Nxe5 11.Nxe5 Qxe5 12.Nd2 Qc7 13.Qg4 e5 14.Qg3 O-O-O 15.b4
Be7 16.f4 Bf6 17.fxe5 Bxe5 18.Bf4 f6 19.Rae1 Bxf4 20.Qxf4 Rhe8 21.Qxc7+ 
Kxc7 22.Kf2 Bb5 23.Rxe8 Rxe8 24.Re1 Rxe1 25.Kxe1 g5 26.Kf2 Bd7 27.Ke3 b6 
28.Kd4 Kc6 29.Nb3 Bf5 30.Ke3 bxc5 31.Nxc5 Kd6 32.Kd4 Bc8 33.a4 h5 34.g3 f5
35.Nd3 Bd7 36.b5 Bc8 37.Ne5 Be6 38.Nf3 h4 39.Nxg5 hxg3 40.hxg3 Bd7 41.Nf7+
Ke6 42.Ne5 Be8 43.Nc6 a6 44.Kc5 axb5 45.axb5 1-0

[Event "119th NZL-ch op"]
[Site "Queenstown NZL"]
[Date "2012.01.16"]
[Round "2"]
[White "Gloistein, Bruce"]
[Black "Davis, Justin"]
[Result "1-0"]
[WhiteElo "1787"]
[BlackElo "1985"]
[EventDate "2012.01.15"]
[PlyCount "117"]

1.e4 d5 2.exd5 Nf6 3.d4 Bg4 4.Be2 Bxe2 5.Qxe2 Qxd5 6.Nf3 Nc6 7.c3 O-O-O 8.
O-O e6 9.Bf4 h6 10.Ne5 Nxe5 11.Bxe5 Ne4 12.b4 f6 13.Bf4 g5 14.Be3 f5 15.f3
Nd6 16.Nd2 f4 17.Bf2 Nf5 18.Ne4 Bg7 19.Rad1 Rhe8 20.c4 Qd7 21.Nc5 Qf7 22.
Qe4 Nd6 23.Qc2 b6 24.Nd3 Nf5 25.Qa4 Kb8 26.c5 Qd7 27.c6 Qc8 28.Nc5 Rxd4 
29.Nd7+ Ka8 30.Rc1 Ne3 31.Rfe1 Bf8 32.a3 Rd8 33.Bxe3 fxe3 34.Rxe3 Bc5 35.
Nxc5 bxc5 36.Qb5 cxb4 37.axb4 R8d5 38.Qa4 Qb8 39.Rxe6 Rxb4 40.Qc2 Rb2 41.
Qe4 Qb6+ 42.Kh1 Rd8 43.Re8 Rb8 44.Re1 Rb4 45.Qg6 Qf2 46.h3 a5 47.Qf5 Qb6 
48.Qd7 a4 49.Kh2 a3 50.Rc8 Rxc8 51.Qxc8+ Qb8 52.Qd7 a2 53.Qd5 Ra4 54.Ra1 
Qa7 55.Rxa2 Rxa2 56.Qg8+ Qb8 57.Qxa2+ Qa7 58.Qe6 Qa5 59.Qc8+ 1-0

[Event "119th NZL-ch op"]
[Site "Queenstown NZL"]
[Date "2012.01.16"]
[Round "2"]
[White "Goodhue, Nathan"]
[Black "Rains, Timothy"]
[Result "1-0"]
[WhiteElo "1945"]
[BlackElo "1737"]
[EventDate "2012.01.15"]
[PlyCount "79"]

1.b3 e5 2.c4 Nc6 3.Nc3 Nf6 4.e4 Bc5 5.d3 d6 6.Be2 Nd4 7.Nf3 Nxe2 8.Qxe2 
Ng4 9.O-O Bxf2+ 10.Rxf2 Nxf2 11.Qxf2 O-O 12.Nh4 Be6 13.Be3 a6 14.Rf1 c6 
15.Nf5 Bxf5 16.Qxf5 Qc8 17.Qf3 Qe6 18.h4 b5 19.g4 f6 20.Qf5 Qxf5 21.gxf5 
Kf7 22.h5 Rg8 23.Kh2 g6 24.fxg6+ hxg6 25.Bg5 f5 26.exf5 gxh5 27.Ne4 d5 28.
Nd6+ Kf8 29.Bh6+ Ke7 30.c5 Kf6 31.Bd2 Rg4 32.Be1 Rag8 33.Kh3 Rf4 34.Bh4+ 
Kg7 35.Rxf4 exf4 36.Be7 Kh6 37.f6 f3 38.f7 f2 39.fxg8=N+ Kg7 40.Kg2 1-0

[Event "119th NZL-ch op"]
[Site "Queenstown NZL"]
[Date "2012.01.16"]
[Round "2"]
[White "Guo, Emma"]
[Black "Stojic, Dusan"]
[Result "0-1"]
[WhiteElo "2010"]
[BlackElo "2294"]
[EventDate "2012.01.15"]
[PlyCount "134"]

1.e4 c5 2.Nc3 Nc6 3.f4 e6 4.Bc4 Nge7 5.e5 d5 6.exd6 Qxd6 7.d3 Nd5 8.Ne4 
Qc7 9.Ne2 Bd7 10.O-O Na5 11.f5 Nxc4 12.dxc4 exf5 13.Qxd5 Be6 14.Qd3 fxe4 
15.Qxe4 O-O-O 16.Bf4 Bd6 17.Rad1 Rhe8 18.Bxd6 Rxd6 19.Nc3 f5 20.Qf3 Bxc4 
21.Qxf5+ Kb8 22.Rfe1 Rxd1 23.Rxd1 g6 24.Qg4 Be6 25.Qe4 Bd7 26.Qd5 Be6 27.
Qe4 Bd7 28.Qd5 Bg4 29.Rf1 Bf5 30.Nb5 Qe5 31.Qd6+ Qxd6 32.Nxd6 Re2 33.Nxf5 
gxf5 34.Rf2 Re1+ 35.Rf1 Re2 36.Rf2 Re1+ 37.Rf1 Re5 38.Kf2 c4 39.Rd1 Ra5 
40.Rd8+ Kc7 41.Rd4 b5 42.a3 c3 43.Rb4 a6 44.bxc3 Rxa3 45.c4 Ra4 46.Rb2 
Rxc4 47.Ke3 b4 48.Kd3 Rc3+ 49.Kd2 a5 50.Rb1 Rc5 51.Rf1 Kd6 52.h3 Ke5 53.g4
f4 54.Re1+ Kd4 55.h4 Rc7 56.Re8 Rf7 57.Ke2 f3+ 58.Kf2 Kc3 59.Ra8 Kxc2 60.
Rxa5 b3 61.Rc5+ Kd3 62.Rb5 Kc3 63.g5 b2 64.h5 Rf4 65.g6 hxg6 66.hxg6 Rg4 
67.Kxf3 Rxg6 0-1

[Event "119th NZL-ch op"]
[Site "Queenstown NZL"]
[Date "2012.01.16"]
[Round "2"]
[White "Hansen, Sune Berg"]
[Black "Schon, Eugene"]
[Result "1-0"]
[WhiteElo "2572"]
[BlackElo "2188"]
[EventDate "2012.01.15"]
[PlyCount "53"]

1.e4 e6 2.d4 d5 3.Nd2 Nf6 4.e5 Nfd7 5.c3 c5 6.Bd3 Nc6 7.Ngf3 Be7 8.O-O g5 
9.dxc5 g4 10.Nd4 Ncxe5 11.Bb5 Bxc5 12.f4 Nc6 13.Nb3 Bxd4+ 14.Nxd4 Nxd4 15.
Qxd4 Qb6 16.Qxb6 axb6 17.f5 Rg8 18.Be3 Ke7 19.fxe6 fxe6 20.c4 Nc5 21.cxd5 
exd5 22.b4 Ne4 23.Rac1 Nd6 24.Rc7+ Ke6 25.Bd4 Rg6 26.Bd3 Ne4 27.Rf8 1-0

[Event "119th NZL-ch op"]
[Site "Queenstown NZL"]
[Date "2012.01.16"]
[Round "2"]
[White "Hartvig, Ove Weiss"]
[Black "Rozentalis, Eduardas"]
[Result "0-1"]
[WhiteElo "2210"]
[BlackElo "2592"]
[EventDate "2012.01.15"]
[PlyCount "54"]

1.e4 c6 2.d4 d5 3.e5 c5 4.Nf3 Nc6 5.dxc5 Bg4 6.Be2 e6 7.Bf4 Bxc5 8.O-O 
Nge7 9.Nbd2 Ng6 10.Bg3 Qb6 11.b3 Bb4 12.c4 Rd8 13.a3 Bc3 14.c5 Qxc5 15.Rc1
Bxf3 16.Nxf3 d4 17.b4 Qd5 18.Qa4 Qe4 19.Bc4 O-O 20.Qb5 Rd7 21.Ng5 Qf5 22.
f4 a6 23.Qc5 Bd2 24.Rcd1 Bxf4 25.Nh3 Be3+ 26.Kh1 Qc2 27.Rde1 Ncxe5 0-1

[Event "119th NZL-ch op"]
[Site "Queenstown NZL"]
[Date "2012.01.16"]
[Round "2"]
[White "Haznedaroglu, Kivanc"]
[Black "Machdoem, Andhika"]
[Result "1-0"]
[WhiteElo "2455"]
[BlackElo "2129"]
[EventDate "2012.01.15"]
[PlyCount "49"]

1.d4 Nf6 2.c4 e6 3.Nf3 b6 4.g3 Bb4+ 5.Nbd2 Ba6 6.Qc2 O-O 7.Bg2 d5 8.O-O 
Bb7 9.cxd5 exd5 10.Ne5 Be7 11.b3 c5 12.dxc5 bxc5 13.Bb2 Na6 14.Rac1 Qb6 
15.Rfd1 Rfd8 16.Nf1 Nb4 17.Qb1 d4 18.Bxb7 Qxb7 19.e3 dxe3 20.Nxe3 g6 21.
N3g4 Kg7 22.Nxf6 Bxf6 23.Ng4 Bd4 24.Rc4 Bxb2 25.Qxb2+ 1-0

[Event "119th NZL-ch op"]
[Site "Queenstown NZL"]
[Date "2012.01.16"]
[Round "2"]
[White "Holdaway, Stewart"]
[Black "Holland, Dennis"]
[Result "1/2-1/2"]
[WhiteElo "1746"]
[BlackElo "1958"]
[EventDate "2012.01.15"]
[PlyCount "103"]

1.d4 d5 2.c4 e6 3.Nf3 c6 4.Bg5 Qa5+ 5.Bd2 Qc7 6.e3 Nf6 7.Nc3 Nbd7 8.b3 Ba3
9.Qc2 Qd8 10.c5 Bb4 11.a3 Bxc3 12.Bxc3 Ne4 13.Bd3 f5 14.O-O O-O 15.b4 g5 
16.a4 g4 17.Nd2 Qg5 18.Nxe4 fxe4 19.Be2 Rf6 20.g3 Rh6 21.b5 Rg6 22.a5 Qh6 
23.Rfb1 Qh3 24.Bf1 Qh5 25.Be2 Qh3 26.Bf1 Qh5 27.Be2 Qf5 28.b6 a6 29.Qd1 
Nf6 30.Ra2 h5 31.Kf1 Nh7 32.Kg2 Ng5 33.Rab2 Rf6 34.Be1 Nf3 35.Bc3 Nxh2 36.
Kxh2 Qxf2+ 37.Kh1 Qxg3 38.Qg1 Qh4+ 39.Qh2 Qg5 40.Qg3 Bd7 41.Rf1 Rxf1+ 42.
Bxf1 h4 43.Qf4 Qxf4 44.exf4 Kf7 45.Be1 g3 46.Bh3 Kf6 47.Bd2 Be8 48.Bg4 Bg6
49.Kg2 Bf5 50.Bh3 Rg8 51.Be3 Kg6 52.Rd2 1/2-1/2

[Event "119th NZL-ch op"]
[Site "Queenstown NZL"]
[Date "2012.01.16"]
[Round "2"]
[White "Jackson, L. Ross"]
[Black "Smith, Vivian"]
[Result "1-0"]
[WhiteElo "1947"]
[BlackElo "1752"]
[EventDate "2012.01.15"]
[PlyCount "50"]

1.d4 Nf6 2.c4 c5 3.d5 b5 4.cxb5 a6 5.bxa6 Bxa6 6.Nc3 d6 7.b3 g6 8.Bb2 Bg7 
9.Qc2 O-O 10.g3 Nbd7 11.Bg2 Rb8 12.Nf3 Nb6 13.Nh4 Ng4 14.h3 Nf6 15.O-O 
Nbd7 16.Nf3 Qa5 17.Rfd1 Rfc8 18.a3 Qb6 19.Nd2 Qb7 20.Rab1 Nb6 21.e4 Nfd7 
22.Nf3 Ne5 23.Nxe5 Bxe5 24.Bc1 Qc7 25.Bd2 Bg7 1-0

[Event "119th NZL-ch op"]
[Site "Queenstown NZL"]
[Date "2012.01.16"]
[Round "2"]
[White "Janisz, Andrew"]
[Black "Yao Yow Jen, Winston"]
[Result "0-1"]
[WhiteElo "1989"]
[BlackElo "1807"]
[EventDate "2012.01.15"]
[PlyCount "70"]

1.e4 c5 2.Nf3 g6 3.d4 cxd4 4.Qxd4 Nf6 5.e5 Nc6 6.Qa4 Nd5 7.Qe4 Nc7 8.Nc3 
Bg7 9.Bc4 O-O 10.Bf4 Na5 11.Bd3 Ne6 12.Be3 d6 13.O-O Nc5 14.Qh4 Nxd3 15.
Bg5 f6 16.cxd3 fxg5 17.Nxg5 h6 18.Nf3 dxe5 19.Rfe1 e6 20.Qe4 Qf6 21.Qa4 
Nc6 22.Ne4 Qe7 23.a3 Bd7 24.Qd1 Nd4 25.Nxd4 exd4 26.b4 b6 27.Qg4 Qf7 28.
Qg3 Bc6 29.Rac1 Bxe4 30.Rxe4 Rac8 31.Ree1 Rxc1 32.Rxc1 Be5 33.Qxe5 Qxf2+ 
34.Kh1 Qf1+ 35.Rxf1 Rxf1# 0-1

[Event "119th NZL-ch op"]
[Site "Queenstown NZL"]
[Date "2012.01.16"]
[Round "2"]
[White "Jones, Brian"]
[Black "Tao, Trevor"]
[Result "0-1"]
[WhiteElo "2092"]
[BlackElo "2422"]
[EventDate "2012.01.15"]
[PlyCount "36"]

1.d4 Nf6 2.c4 d6 3.Nc3 Nbd7 4.e4 e5 5.d5 Be7 6.h3 O-O 7.g4 Nc5 8.Bd3 Ne8 
9.Nf3 Nxd3+ 10.Qxd3 g6 11.Bh6 Ng7 12.Rg1 c5 13.a4 a6 14.Ra3 Rb8 15.Qb1 Bd7
16.b4 cxb4 17.Qxb4 Qc7 18.Nxe5 a5 0-1

[Event "119th NZL-ch op"]
[Site "Queenstown NZL"]
[Date "2012.01.16"]
[Round "2"]
[White "Judkins, Gary"]
[Black "Lim Kian Hwa"]
[Result "0-1"]
[WhiteElo "1619"]
[BlackElo "1922"]
[EventDate "2012.01.15"]
[PlyCount "72"]

1.e4 e5 2.Nf3 Nc6 3.Bb5 a6 4.Ba4 Nf6 5.O-O b5 6.Bb3 Be7 7.Re1 d6 8.h3 Na5 
9.c3 Nxb3 10.Qxb3 Bb7 11.d3 O-O 12.Nbd2 Re8 13.Nf1 Bf8 14.Be3 c6 15.Bg5 h6
16.Bh4 g5 17.Nxg5 hxg5 18.Bxg5 Bg7 19.Re3 Re6 20.Qd1 Qf8 21.Nh2 Nh7 22.Rg3
Rg6 23.Qh5 Rxg5 24.Rxg5 Nxg5 25.Qxg5 Re8 26.Re1 Re6 27.Qg3 Rg6 28.Qf3 Bc8 
29.Qd1 Bxh3 30.g3 Qc8 31.Re3 Bh6 32.Rf3 Bg4 33.Nxg4 Qxg4 34.Kg2 Rf6 35.b3 
Bg7 36.Qe2 Rh6 0-1

[Event "119th NZL-ch op"]
[Site "Queenstown NZL"]
[Date "2012.01.16"]
[Round "2"]
[White "Kay, Bruce"]
[Black "Fairbairn, Stephen"]
[Result "0-1"]
[WhiteElo "1823"]
[BlackElo "2052"]
[EventDate "2012.01.15"]
[PlyCount "56"]

1.d4 Nf6 2.c4 e5 3.dxe5 Ng4 4.e4 Nxe5 5.f4 Nec6 6.Be3 Bb4+ 7.Nc3 Qh4+ 8.g3
Qe7 9.Bg2 Bxc3+ 10.bxc3 d6 11.Qd3 O-O 12.Ne2 Nd7 13.O-O Nf6 14.Nd4 Na5 15.
Rae1 Re8 16.Bd2 Be6 17.Nxe6 Qxe6 18.e5 dxe5 19.fxe5 Rad8 20.Qe2 Nxc4 21.
Bf4 Ng4 22.Bh3 Qb6+ 23.Kh1 Ngxe5 24.Bg2 f6 25.Rd1 c6 26.Rfe1 Nd3 27.Rxd3 
Rxe2 28.Rxd8+ Qxd8 0-1

[Event "119th NZL-ch op"]
[Site "Queenstown NZL"]
[Date "2012.01.16"]
[Round "2"]
[White "Kempen, Leon"]
[Black "Dragicevic, Domagoj"]
[Result "0-1"]
[WhiteElo "1999"]
[BlackElo "2277"]
[EventDate "2012.01.15"]
[PlyCount "130"]

1.d4 Nf6 2.c4 g6 3.Nc3 d5 4.cxd5 Nxd5 5.Qb3 Nb6 6.Nf3 Bg7 7.Bf4 O-O 8.e3 
c5 9.dxc5 N6d7 10.Qa3 Nc6 11.Rc1 e5 12.Bg5 f6 13.Bc4+ Kh8 14.Bh4 g5 15.Bg3
f5 16.h3 e4 17.Nd2 f4 18.Bh2 fxe3 19.fxe3 Nde5 20.Ncxe4 Nxc4 21.Rxc4 Be6 
22.Rc1 Bd5 23.Rf1 Qd7 24.Ke2 Rfe8 25.Nxg5 Bxg2 26.Rf7 Qd5 27.Rxg7 Kxg7 28.
Qc3+ Kg8 29.Ngf3 Kf7 30.Qc2 Rg8 31.Rg1 Bxf3+ 32.Nxf3 Rxg1 33.Bxg1 Kg8 34.
Bh2 Rf8 35.Qb3 Qxb3 36.axb3 Rf5 37.Bd6 Rh5 38.h4 Na5 39.b4 Nc4 40.Bb8 a5 
41.b3 Na3 42.e4 axb4 43.e5 Nb5 44.Ke3 Rf5 45.Ke4 Rxf3 46.Kxf3 Nd4+ 47.Ke4 
Nxb3 48.Kd5 Nxc5 49.Kc4 b3 50.Kc3 Kf7 51.Bc7 h5 52.Kb2 Ke6 53.Ka3 Kd5 54.
Kb2 Kc4 55.Bd6 Kd5 56.Bc7 Nd7 57.Kxb3 Nxe5 58.Kb4 Ng6 59.Bd8 Ke4 60.Kb5 
Kf3 61.Kb6 Kg4 62.Kxb7 Nxh4 63.Kc6 Nf3 64.Kd5 Ng5 65.Kd4 Ne6+ 0-1

[Event "119th NZL-ch op"]
[Site "Queenstown NZL"]
[Date "2012.01.16"]
[Round "2"]
[White "Lauterbach, Ingrid"]
[Black "Ikeda, Junta"]
[Result "0-1"]
[WhiteElo "2053"]
[BlackElo "2349"]
[EventDate "2012.01.15"]
[PlyCount "42"]

1.d4 Nf6 2.Nf3 e6 3.c4 b6 4.g3 Ba6 5.b3 b5 6.Qc2 bxc4 7.bxc4 Bb7 8.Qb2 
Bxf3 9.exf3 c5 10.Be3 cxd4 11.Bxd4 Nc6 12.Be3 Rb8 13.Qc2 Qa5+ 14.Nd2 Bc5 
15.Bg2 Bxe3 16.fxe3 Qe5 17.Kf2 Rb2 18.Qc1 Nb4 19.Bf1 Nc2 20.Rb1 Qxe3+ 21.
Kg2 Ne1+ 0-1

[Event "119th NZL-ch op"]
[Site "Queenstown NZL"]
[Date "2012.01.16"]
[Round "2"]
[White "Li Chao"]
[Black "Drummond, Matthew"]
[Result "1-0"]
[WhiteElo "2693"]
[BlackElo "2227"]
[EventDate "2012.01.15"]
[PlyCount "59"]

1.e4 e6 2.d4 d5 3.Nc3 Bb4 4.a3 Bxc3+ 5.bxc3 dxe4 6.Qg4 Nf6 7.Qxg7 Rg8 8.
Qh6 Rg6 9.Qe3 Nc6 10.Ne2 Ne7 11.c4 Nf5 12.Qc3 b5 13.cxb5 Nd5 14.Qb3 e3 15.
Bxe3 Ndxe3 16.fxe3 Qh4+ 17.g3 Qe4 18.Rg1 Nxe3 19.Kd2 Nxf1+ 20.Raxf1 Bd7 
21.a4 a6 22.bxa6 Qc6 23.a7 Rg5 24.Rf3 Rxa7 25.Qb8+ Ke7 26.Rgf1 Qxa4 27.Nc3
Qa5 28.Rxf7+ Kd6 29.Qd8 c6 30.Qe7+ 1-0

[Event "119th NZL-ch op"]
[Site "Queenstown NZL"]
[Date "2012.01.16"]
[Round "2"]
[White "Li Xiang Wei, William"]
[Black "Solomon, Stephen"]
[Result "0-1"]
[WhiteElo "1672"]
[BlackElo "2375"]
[EventDate "2012.01.15"]
[PlyCount "130"]

1.c4 e6 2.Nf3 d5 3.b3 Nf6 4.g3 c5 5.Bg2 Nc6 6.Bb2 Be7 7.O-O O-O 8.cxd5 
exd5 9.d4 Bg4 10.Ne5 cxd4 11.Nxg4 Nxg4 12.Bxd4 Nxd4 13.Qxd4 Bf6 14.Qxg4 
Bxa1 15.Rd1 d4 16.Bxb7 Rb8 17.Be4 Qa5 18.Qf5 Qxf5 19.Bxf5 a5 20.Bd3 Rfc8 
21.Nd2 Bc3 22.Bc4 a4 23.Nf3 axb3 24.axb3 Rd8 25.Kg2 g6 26.Ne5 Rb7 27.Nd3 
Kg7 28.Nc5 Re7 29.Kf3 Ra7 30.Na4 Bb4 31.e3 Rad7 32.Rxd4 Rxd4 33.exd4 Rxd4 
34.Nb2 Rd2 35.Nd3 Ba5 36.h3 Bb6 37.Kg2 h5 38.Kf3 Kf6 39.Kg2 Bd4 40.Kf3 Kf5
41.g4+ Kg5 42.Kg3 h4+ 43.Kf3 f5 44.gxf5 Kxf5 45.Bb5 Bb6 46.Bc4 Rd1 47.Nf4 
Bxf2 48.Bd3+ Kg5 49.Be2 Rb1 50.b4 Ba7 51.Ne6+ Kf6 52.Nf4 Rb3+ 53.Nd3 Kf5 
54.Bf1 g5 55.Be2 Rb1 56.Nf2 Rxb4 57.Bd3+ Ke5 58.Ng4+ Kd4 59.Bf5 Rb3+ 60.
Kg2 Rg3+ 61.Kh2 Bb8 62.Kh1 Rxh3+ 63.Kg2 Ra3 64.Be6 h3+ 65.Kh1 Ra1# 0-1

[Event "119th NZL-ch op"]
[Site "Queenstown NZL"]
[Date "2012.01.16"]
[Round "2"]
[White "Lovejoy, David"]
[Black "Tsoi, Nicole"]
[Result "1-0"]
[WhiteElo "1939"]
[BlackElo "1715"]
[EventDate "2012.01.15"]
[PlyCount "77"]

1.e4 e6 2.Qe2 Ne7 3.g3 d5 4.d3 c5 5.Bg2 Nbc6 6.Nf3 g6 7.h4 h6 8.O-O Bg7 9.
Re1 b6 10.Nbd2 a5 11.Nf1 Ra7 12.e5 Nf5 13.c3 Ba6 14.Bf4 b5 15.Ne3 Nxe3 16.
Qxe3 Qe7 17.Nh2 h5 18.Bg5 Qf8 19.Nf3 Bc8 20.Rad1 Bb7 21.b3 Kd7 22.a4 bxa4 
23.bxa4 Kc7 24.Rb1 Bh6 25.Bxh6 Rxh6 26.Rb5 Rh8 27.Reb1 Qe7 28.Rxc5 Ra6 29.
Nd4 Rb8 30.c4 Kc8 31.Nxc6 Rxc6 32.Rcb5 Ra6 33.cxd5 exd5 34.Bxd5 Bxd5 35.
Rxb8+ Kd7 36.R8b7+ Bxb7 37.Rxb7+ Ke6 38.Rxe7+ Kxe7 39.Qc5+ 1-0